عرض عادي
عرض مارك
- Reid, Phailip
مدخل إسم شخص
001 - رقم الضبط
- حقل الضبط: 38001
003 - معرف رقم الضبط
- حقل الضبط: OSt
005 - تاريخ ووقت أخر عملية
- حقل الضبط: 20131017115227.0
008 - عناصر بيانات ثابتة الطول
- حقل تحكم ثابت الطول: 131017|||a|||||| | ||| d
040 ## - مصدر الفهرسة
- هيئة الفهرسة الأصلية: OSt
- وكالة الكتابة: OSt
100 ## - مدخل -- أسم شخص
- إسم شخص: Reid, Phailip
670 ## - بيانات المصدر موجوده
- الاستشهاد بالمصدر: Work cat.: (OSt)0: Engel, Thomas, 1942- 36326, Quantum chemistry & spectroscopy /, 2013.
